000 01131cam a22002651 4500
001 s 35000009
003 DLC
005 20260227111911.0
008 790424s1930 ne d 000 0 eng c
010 _as 35000009
035 _a(OCoLC)4891977
040 _aSmithsonian inst. Library
_cNIC
_dMBU
_dDLC
042 _apremarc
050 0 0 _aAS244
_b.A52 n. r., deel 29, no. 4
082 _a508 s
100 1 _aUhlenbeck, C. C.
_q(Christianus Cornelius),
_d1866-1951.
245 1 3 _aAn English-Blackfoot vocabulary based on material from the southern Peigans,
_cby C. C. Uhlenbeck and R.H. van Gulik.
260 _aAmsterdam,
_bKoninklijke Akademie van Wetenschappen,
_c1930.
300 _a261 p.
_c26 cm.
490 1 _aVerhandelingen der Koninklijke Akademie van Wetenschappen te Amsterdam, Afdeeling Letterkunde. Nieuwe reeks ;
_vdeel XXIX, no. 4
500 _a"Corrigenda"--P. [259]-261.
650 0 _aSiksika language
_vDictionaries.
700 1 _aGulik, Robert Hans van,
_d1910-1967.
830 0 _aVerhandelingen der Koninklijke Akademie van Wetenschappen te Amsterdam, Afdeeling Letterkunde.
_nNieuwe reeks ;
_vd. 29, no. 4.
999 _c52718
_d52718